000 00339nam a22001457a 4500
008 221111b ||||| |||| 00| 0 eng d
020 _a0853127220
041 _aeng
080 _a51
082 _a51 WIL
100 _a20.1
101 _aMATE
245 _aTHE MATHEMATICAL DESCRIPTION OF SHAPE AND FORM
_cWILSON .C.B
942 _2udc
_cBK
999 _c58869
_d58869